Multi-Objective Optimization Based Approach for Optimal Allocation of Distributed Generation Considering Techno-Economic and Environmental Indices / (Record no. 602027)
[ view plain ]
| 000 -LEADER | |
|---|---|
| fixed length control field | 00578nam a2200157Ia 4500 |
| 008 - FIXED-LENGTH DATA ELEMENTS--GENERAL INFORMATION | |
| fixed length control field | 230907s9999||||xx |||||||||||||| ||und|| |
| 082 ## - DEWEY DECIMAL CLASSIFICATION NUMBER | |
| Classification number | 621.3 |
| Author Mark | SUL |
| 100 ## - MAIN ENTRY--PERSONAL NAME | |
| Personal name | Muhammad Shahroz Sultan (00000319255) |
| 9 (RLIN) | 116679 |
| 245 #0 - TITLE STATEMENT | |
| Title | Multi-Objective Optimization Based Approach for Optimal Allocation of Distributed Generation Considering Techno-Economic and Environmental Indices / |
| 260 ## - PUBLICATION, DISTRIBUTION, ETC. | |
| Place of publication, distribution, etc. | USPCAS-E, NUST, |
| Name of publisher, distributor, etc. | Islamabad : |
| Date of publication, distribution, etc. | 2022 |
| 300 ## - PHYSICAL DESCRIPTION | |
| Extent | xii, 66 p. |
| 520 ## - SUMMARY, ETC. | |
| Summary, etc. | TH-349 |
| 650 ## - SUBJECT ADDED ENTRY--TOPICAL TERM | |
| Topical term or geographic name entry element | MS-EEP Thesis MS Thesis |
| 700 ## - ADDED ENTRY--PERSONAL NAME | |
| Personal name | Dr Syed Ali Abbas Kazmi |
| 9 (RLIN) | 117439 |
| 942 ## - ADDED ENTRY ELEMENTS (KOHA) | |
| Koha item type | Thesis |
| Source of classification or shelving scheme | |
| Withdrawn status | Lost status | Source of classification or shelving scheme | Damaged status | Not for loan | Permanent Location | Current Location | Date acquired | Full call number | Barcode | Date last seen | Price effective from | Koha item type |
|---|---|---|---|---|---|---|---|---|---|---|---|---|
| US-Pakistan Center for Advanced Studies in Energy (USPCAS-E) | US-Pakistan Center for Advanced Studies in Energy (USPCAS-E) | 04/12/2022 | 621.3 SUL | CAS-ETH0000349 | 09/12/2023 | 09/12/2023 | Thesis |
